El nuevo tiempo del Estado. La política posneoliberal del correísmo /

Guardado en:
Bibliografiske detaljer
Hovedforfatter: Ramírez Gallegos, Franklin
Andre forfattere: Minteguiaga, Analía
Format: Texto
Fag:
Tags: Tilføj Tag
Ingen Tags, Vær først til at tagge denne postø!

MARC

LEADER 00000 a a2200000 04500
001 11056
003
040
100 |a Ramírez Gallegos, Franklin  
245 |a El nuevo tiempo del Estado. La política posneoliberal del correísmo /  |c Franklin Ramírez Gallegos  
650 |a PARTICIPACION POPULAR  
650 |a ESTADO  
650 |a VENEZUELA  
700 |a Minteguiaga, Analía  
773 |g volumen 8, número 22; páginas 87-103  
999 |c 39614  |d 39614